000 00547nam a2200169Ia 4500
008 090711s9999 xx 000 0 und d
082 _b50899
100 _aबनहट्टी राजेंद्र
245 _aमरणानंतरSो मरण
260 _c1985
300 _a97
600 _aबनहट्टी राजेंद्र
630 _aमरणानंतरSो मरण
700 _aबनहट्टी राजेंद्र
730 _aमरणानंतरSो मरण
942 _cBOOK
999 _c301466
_d301466